| 000 | 00435nam a2200169Ia 4500 | ||
|---|---|---|---|
| 005 | 20240607064323.0 | ||
| 008 | 240331s9999 xx 000 0 und d | ||
| 020 | _a9559557505 | ||
| 082 |
_bSHA _a340 |
||
| 100 | _aSharvananda, S | ||
| 245 | 0 | _aFundamental rights in Sri Lanka | |
| 260 |
_aColombo _bArnol'ds International Printing House Pvt Lmt. _c1993 |
||
| 300 | _axi, 443 p., | ||
| 650 | _aLaw | ||
| 650 | _aRights | ||
| 942 | _cL | ||
| 999 |
_c2820 _d2820 |
||